000
00296nam a2200133Ia 4500
005
20251222155210.0
008
251222s9999||||xx |||||||||||||| ||spa||
082
_a
FAR.37
100
_a
GENERICOY Marcas.
245
0
_a
Vademecum Peruano
250
_a
1ra. ed.
264
_b
Lexus
942
_c
LIB
999
_c
40265
_d
40265